| 000 | 01287nam a2200265Ia 4500 | ||
|---|---|---|---|
| 003 | Ost | ||
| 005 | 20260416102355.0 | ||
| 008 | 260416s9999||||xx |||||||||||||| ||und|| | ||
| 040 | _cfsecg | ||
| 041 | _aara | ||
| 082 | _a338.5 | ||
| 100 |
_aيعقوبن، صليحة _eمؤلف |
||
| 245 | 0 |
_aمحاضرات في الإقتصاد الجزئي 1 / _c صليحة يعقوبن |
|
| 260 |
_aالجزائر _bجامعة الجزائر3: كلية العلوم الإقتصادية، العلوم التجارية وعلوم التسيير _c2019 |
||
| 300 |
_a131 ورقة _bايضاحات _c30 سم |
||
| 504 | _aمراجع ص.130 | ||
| 520 | _aنظرة عامة في الاقتصاد والمشكلة الاقتصادية، نظرية الطلب والعرض، قياس المرونات، توازن السوق وتطبيقاته، نظرية سلوك المستهلك، نظرية سلوك المنتج. | ||
| 653 | _aالاقتصاد الجزئي | ||
| 653 | _aالانتاج | ||
| 653 | _aالعرض والطلب | ||
| 653 | _aالمشاكل الاقتصادية | ||
| 653 | _aالمنفعة | ||
| 710 |
_aجامعة الجزائر3: كلية العلوم الإقتصادية، العلوم التجارية وعلوم التسيير _eناشر علمي |
||
| 942 | _cHANDOUT | ||
| 999 |
_c41156 _d41156 |
||